| 000 | 01028cam a22003257a 4500 | ||
|---|---|---|---|
| 003 | CHAP | ||
| 005 | 20220329142613.0 | ||
| 008 | 010926d2000 us a r 00110 eng d | ||
| 010 | _a85560 | ||
| 011 | _a86532 | ||
| 020 | _a0878930094 | ||
| 035 | _a97070 | ||
| 040 | _cCHAP | ||
| 082 | 0 | 4 |
_a591.51 _bA5 1998 |
| 100 | 0 | 0 |
_aAlcock, John. _93650 |
| 245 | 1 | 0 |
_aAnimal behavior : _ban evolutionary approach _c/by John Alcock |
| 250 | _a6ed. | ||
| 260 |
_aSunderland, Mass. : _bSinauer Associates, _c1998. |
||
| 300 |
_a640 p. : _bilus. |
||
| 590 |
_aBATCH-UPD _b10 _c20130110 _lUCH01 _h0125 |
||
| 590 |
_aBATCH-UPD _b10 _c20130110 _lUCH01 _h2046 |
||
| 590 |
_aBATCH-UPD _b10 _c20130410 _lUCH01 _h1400 |
||
| 590 |
_aCONVERSION _b10 _c20130109 _lUCH01 _h1347 |
||
| 650 | 1 | 4 |
_aAnimales _xHabitos y conducta. _95865 |
| 650 | 1 | 4 |
_aAnimales _xHistoria y origen. _95864 |
| 901 | _aBK | ||
| 905 | _aAlejandra Carrasco M. | ||
| 942 | _cLIBRO | ||
| 949 |
_a591.51 A5 1998 _bBC _cLIBRO _d33724000862322 _eLIBRO _h102305 _i97070 _kI.213567 _si _t$ 600.00 |
||
| 999 |
_c85560 _d85560 |
||